Técnica estadística general (para luchas y profesiones sanitarias) : cuadros sinópticos-nemotécnicos : reducción de los cuadros murales utilizados en los cursos de diplomados sanitarios de la Escuela Departamental de Barcelona / por C. García Luquero cuadros sinópticos-nemotécnicos :

por García Luquero, C.

Publicado: Barcelona : Ex libris , 1954
Descripción Física: [45] f. solts ; 23 cm

MARC

LEADER 00000nam a2200000Ia 4500
001 14775
008 160829s1954 xx 000 0 cat d
080 |a FU-30-18 
100 |a García Luquero, C.  |9 24617 
245 |a Técnica estadística general (para luchas y profesiones sanitarias) :  |b  cuadros sinópticos-nemotécnicos :  |b  reducción de los cuadros murales utilizados en los cursos de diplomados sanitarios de la Escuela Departamental de Barcelona / por C. García Luquero 
260 |a Barcelona :  |b Ex libris,  |c 1954 
300 |a [45] f. solts ;  |c 23 cm 
590 |a Presentació en fulls solts 
650 |a Salut pública  |x Mètodes estadístics  |9 24618 
856 4 |u https://media.diba.cat/diba/fitxers/arxiu/fulletons/bib_14775_baixa.pdf  |y Accés lliure 
856 4 |u https://media.diba.cat/diba/fitxers/arxiu/fulletons/bib_14775_baixa.pdf  |y Accés lliure 
901 |a Arxiu 
942 |n 1  |2 udc 
952 |0 0  |1 0  |4 0  |6 FU3018  |7 1  |9 43232  |a Arxiu  |b Arxiu  |d 2016-12-01  |l 0  |o FU-30-18  |p 14775  |r 2016-12-01 00:00:00  |w 2016-12-01  |y ARXIU 
999 |c 45776  |d 45776 
900 |a bib_14775_baixa.pdf